TÜRKİYEDE BEŞ SENE (Record no. 1046386)

MARC details
000 -LEADER
sabit uzunluktaki kontrol alanı 00254nam a2200097Ia 4500
001 - KONTROL NUMARASI
kontrol alanı 1046386
005 - EN SON İŞLEMİN TARİH VE ZAMANI
kontrol alanı 20250826232216.0
008 - SABİT-UZUNLUKTA VERİ ÖĞELERİ--GENEL BİLGİ
sabit uzunluktaki kontrol alanı 250824s9999 xx 000 0 und d
245 #0 - ESER / YAZAR
ESER ADI TÜRKİYEDE BEŞ SENE
Yazar Adı LIMAN VON SANDERS
260 ## - YAYIN, DAĞITIM, VB.
YAYIN EVİ YEDİTEPE YAYINLARI
Holdings
Düşüm durumu Kayıp durumu Hasar Durumu Ödünç verilmez Ana kütüphane Geçerli Kütüphane Edinilen tarih Toplam ödünç verme sayısı Barkod Son görüntüleme tarihi Fiyatın geçerli olmaya başladığı tarih Koha materyal türü
        CEMİL MERİÇ ANADOLU LİSESİ CEMİL MERİÇ ANADOLU LİSESİ 24.08.2025   10711889 26.08.2025 26.08.2025 Books